| 000 | 00343nam a2200109Ia 4500 | ||
|---|---|---|---|
| 008 | 200302s9999 xx 000 0 und d | ||
| 100 | _aFire Protection | ||
| 245 | _aFire Safety & Risk Management for the Nebosh National Certificate in Fire Safety & Risk Management | ||
| 260 | _bRoutledge Taylor & Francis Group | ||
| 260 | _c2015 | ||
| 300 | _a549 | ||
| 999 |
_c5843 _d5843 |
||